000 00221nam a22000857a 4500
008 170603b xxu||||| |||| 00| 0 eng d
100 _93224
_aSwift. J
245 _aGulivers Travels
260 _aNew Delhi
_bVikas Publication
_c2003
999 _c6538
_d6538